Symbol Cryptogram: US Presidents II Quiz Stats

 Plays Quiz Updated Feb 8, 2019

     
Support Sporcle.
Go Orange.
Score 0/10 Timer 10:00
1 Play Today
Cryptogram US Presidents % Correct
◀ ☷ ★ ★ ☷ ☽ ◐ ◑ ▶???
100%
◼ ☷ ▶ ▶ ☷ ✚ ☵???
73.6%
◣ ✚ ◣ ☲ ◐???
72.9%
◥ ✖ ☷ ☽ ☾ ☷???
71%
◀ ◣ ☾ ◼ ◐ ◑ ▶???
68.5%
▷ ◣ ☽ ★ ✖ ☷ ☆ ✚???
67.2%
◓ ◣ ☵ ☷ ◐???
66.9%
◓ ◣ ☽ ✚ ✖ ▶ ▷???
65.9%
◥ ◑ ☆ ◼???
65.6%
☲ ☾ ◼ ✖ ▶ ☆ ☷ ☵???
65.1%

From the Vault

The Unwelcome Guest VI

by Thebiguglyalien

Movies 6m
You may need to think outside the box a little.
Remove Ads.
Support Sporcle.
Get the best of Sporcle when you Go Orange. This ad-free experience offers more features, more stats, and more fun while also helping to support Sporcle. Thank you for becoming a member.

Show Comments

Extras

Top Quizzes Today


Score Distribution

Your Account Isn't Verified!

In order to create a playlist on Sporcle, you need to verify the email address you used during registration. Go to your Sporcle Settings to finish the process.

Report this User

Report this user for behavior that violates our Community Guidelines.

Details: